000 00418nam a2200169Ia 4500
005 20250423101112.0
008 250422s9999 xx 000 0 und d
020 _a9789351112167
050 _aPN 4781 .A76/
100 _aArora, Neha
245 0 _aTechniques of feature writing and mass communication
260 _aNew Delhi
260 _bRandom Publications
260 _c2014
300 _a297 p
942 _cBK
999 _c35290
_d35290